000 00374nam a2200133Ia 4500
008 211109s9999||||xx |||||||||||||| ||und||
082 _a336.5
_bSUN-B
100 _aSundram, K P M
245 0 _aBusiness Economics
260 _bSultan Chand & Sons
_aNew Delhi
_c1989
630 _xGENERAL STACK
650 _aSOCIAL SCIENCES
_vECONOMICS
_xPUBLIC FINANCECommerce
942 _cBOOK
999 _c41312
_d41312